Electrophysical agents : (Record no. 30770)
[ view plain ]
| 000 -LEADER | |
|---|---|
| fixed length control field | 01928cam a2200361 i 4500 |
| 001 - CONTROL NUMBER | |
| control field | 23071206 |
| 003 - CONTROL NUMBER IDENTIFIER | |
| control field | EG-ScBUE |
| 005 - DATE AND TIME OF LATEST TRANSACTION | |
| control field | 20240612105341.0 |
| 008 - FIXED-LENGTH DATA ELEMENTS--GENERAL INFORMATION | |
| fixed length control field | 230418s2021 stka f b 001 0 eng d |
| 020 ## - INTERNATIONAL STANDARD BOOK NUMBER | |
| International Standard Book Number | 9780702051517 |
| 040 ## - CATALOGING SOURCE | |
| Original cataloging agency | DLC |
| Language of cataloging | eng |
| Description conventions | rda |
| Transcribing agency | DLC |
| Modifying agency | EG-ScBUE |
| 082 04 - DEWEY DECIMAL CLASSIFICATION NUMBER | |
| Edition number | 22 |
| Classification number | 615.845 |
| Item number | ELE |
| 130 0# - MAIN ENTRY--UNIFORM TITLE | |
| Uniform title | Electrotherapy: evidence-based practice |
| 245 00 - TITLE STATEMENT | |
| Title | Electrophysical agents : |
| Remainder of title | evidence-based practice / |
| Statement of responsibility, etc | edited by Tim Watson, PhD, BSc, FCSP, Professor of Physiotherapy, Department of Allied Health Professions, Midwifery and Social Work, University of Hertfordshire, Hatfield, UK, Ethne L. Nussbaum, PhD, MEd, BScPT, Adjunct Clinical Professor, Physical Therapy, Western University, London, Ontario, Adjunct Professor, Physical Therapy, University of Toronto, Ontario, Canada. |
| 250 ## - EDITION STATEMENT | |
| Edition statement | Thirteenth edition. |
| 264 #1 - PUBLICATION, DISTRIBUTION, ETC. (IMPRINT) | |
| Place of publication, distribution, etc | Edinburgh ; |
| -- | New York : |
| Name of publisher, distributor, etc | Elsevier, |
| Date of publication, distribution, etc | 2021. |
| 300 ## - PHYSICAL DESCRIPTION | |
| Extent | ix, 422 pages : |
| Other physical details | illustrations ; |
| Dimensions | 24 cm. |
| 336 ## - CONTENT TYPE | |
| Content type term | text |
| Content type code | txt |
| Source | rdacontent |
| 337 ## - MEDIA TYPE | |
| Media type term | unmediated |
| Media type code | n |
| Source | rdamedia |
| 338 ## - CARRIER TYPE | |
| Carrier type term | volume |
| Carrier type code | nc |
| Source | rdacarrier |
| 490 0# - SERIES STATEMENT | |
| Series statement | Physiotherapy essentials |
| 500 ## - GENERAL NOTE | |
| General note | Preceded by: Electrotherapy / edited by Tim Watson. 12th ed. 2008. |
| 500 ## - GENERAL NOTE | |
| General note | "First edition 1948 as Clayton's Electrotherapy and Actinotherapy. Eigth edition 1981 as Clayton's Electrotherapy. Eleventh edition 2002 as Electrotherapy: Evidence-based Practice. Twelfth edition 2008. Thirteenth edition 2021 as Electrophysical Agents: Evidence-based Practice"-- title page verso. |
| 504 ## - BIBLIOGRAPHY, ETC. NOTE | |
| Bibliography, etc | Includes bibliographical references and index. |
| 650 #7 - SUBJECT ADDED ENTRY--TOPICAL TERM | |
| Topical term or geographic name as entry element | Electrotherapeutics. |
| Source of heading or term | BUEsh |
| 653 ## - INDEX TERM--UNCONTROLLED | |
| Arrived date list | June2024 |
| Resource For college | Physical Therapy |
| 655 ## - INDEX TERM--GENRE/FORM | |
| Form subdivision | Reading book |
| 700 1# - ADDED ENTRY--PERSONAL NAME | |
| Personal name | Watson, Tim, |
| Dates associated with a name | 1957- |
| Relator term | editor. |
| 700 1# - ADDED ENTRY--PERSONAL NAME | |
| Personal name | Nussbaum, Ethne L., |
| Relator term | editor. |
| 906 ## - LOCAL DATA ELEMENT F, LDF (RLIN) | |
| a | 7 |
| b | cbc |
| c | orignew |
| d | 2 |
| e | ncip |
| f | 20 |
| g | y-gencatlg |
| 942 ## - ADDED ENTRY ELEMENTS (KOHA) | |
| Source of classification or shelving scheme | Dewey Decimal Classification |
| Koha item type | Book - Borrowing |
| Withdrawn status | Lost status | Source of classification or shelving scheme | Damaged status | Not for loan | Collection code | Home library | Current library | Shelving location | Date acquired | Source of acquisition | Cost, normal purchase price | Serial Enumeration / chronology | Total Checkouts | Full call number | Barcode | Date last seen | Cost, replacement price | Price effective from | Koha item type |
|---|---|---|---|---|---|---|---|---|---|---|---|---|---|---|---|---|---|---|---|
| Dewey Decimal Classification | Baccah | Central Library | Central Library | First floor | 12/06/2024 | Purchase | 3039.00 | 38282 | 615.845 ELE | 000057125 | 15/07/2025 | 3799.00 | 12/06/2024 | Book - Borrowing | |||||
| Dewey Decimal Classification | Baccah | Central Library | Central Library | First floor | 13/05/2025 | Purchase | 3039.00 | 39224 | 615.845 ELE | 000057344 | 15/07/2025 | 3798.75 | 13/05/2025 | Book - Borrowing | |||||
| Dewey Decimal Classification | Baccah | Central Library | Central Library | First floor | 13/05/2025 | Purchase | 3039.00 | 39224 | 615.845 ELE | 000057345 | 15/07/2025 | 3798.75 | 13/05/2025 | Book - Borrowing |